Donna e amore nella Bibbia (Record n. 210496)

Dettagli MARC
000 -LEADER
fixed length control field 01415nam a2200205Ia 4500
001 - CONTROL NUMBER
control field b6538-46943
003 - CONTROL NUMBER IDENTIFIER
control field IT-MiCISF
008 - FIXED-LENGTH DATA ELEMENTS--GENERAL INFORMATION
fixed length control field 161014s9999||||xx |||||||||||||| ||und||
040 ## - CATALOGING SOURCE
Original cataloging agency IT-MiCISF
Transcribing agency IT-MiCISF
041 ## - LANGUAGE CODE
Language code of text/sound track or separate title it
999 ## - SYSTEM CONTROL NUMBERS (KOHA)
Koha Dewey Subclass [OBSOLETE] si
100 ## - MAIN ENTRY--PERSONAL NAME
Personal name Milano Andrea
245 #0 - TITLE STATEMENT
Title Donna e amore nella Bibbia
Remainder of title Eros, agape, persona
250 ## - EDITION STATEMENT
Edition statement 1a ed.
260 ## - PUBLICATION, DISTRIBUTION, ETC. (IMPRINT)
Place of publication, distribution, etc. Bologna
Name of publisher, distributor, etc. Dehoniane
Date of publication, distribution, etc. 2008
300 ## - PHYSICAL DESCRIPTION
Extent pp. 388
500 ## - GENERAL NOTE
General note / donna, bibbia, femminismo, amore, teologia / Nel corso dei secoli, non poche volte la Bibbia ha rappresentato un armamentario da cui si è pensato di trarre versetti e argomentazioni allo scopo d'imporre alla donna una condizione d'inferiorità e di mantenervela. Questo volume sonda il testo sacro intorno al tema della donna e dell'amore con l'intento di individuarvi e vagliare anche tali tratti negativi, da cui, a prima vista, non appare del tutto immune. E insieme si propone di mettere in risalto il "personalismo" che attraversa l'intera Scrittura e che, fondendosi con la problematica dell'eros e dell'agàpe, costituisce un filo rosso quanto mai prezioso per discernere e annodare le istanze più giuste e nobili del femminismo contemporaneo. Il tutto senza evitare il confronto e il dialogo con quella specifica esegesi, impostasi da alcuni decenni, che si caratterizza come "femminista".
650 ## - SUBJECT ADDED ENTRY--TOPICAL TERM
Topical term or geographic name as entry element Temi di pastorale / donna
Relator term 012
942 ## - ADDED ENTRY ELEMENTS (KOHA)
Koha item type LIBRO
957 ## -
-- 1
999 ## - SYSTEM CONTROL NUMBERS (KOHA)
-- 1
Dati di copia
Withdrawn status Lost status Damaged status Not for loan Home library Current library Date acquired Total Checkouts Full call number Date last seen Price effective from Koha item type Public note
    Buone Condizioni Not For Loan CISF - Milano CISF - Milano 14/10/2016   b6538-46943 14/10/2016 14/10/2016 LIBRO Data import 15.10.2016 / by Epidotti, Vaglietti
CREDITS: SOCIETA' SAN PAOLO Via A.Severo, 58 - ROMA (RM) & PERIODICI SAN PAOLO SRL Via Giotto, 36 MILANO & CISF Via Giotto, 36 MILANO & EDIZIONI SAN PAOLO SRL,  Piazza Soncino, 5 CINISELLO BALSAMO (MI) -- ITALY